00601nam a2200181Ia 4500008004100000041000800041082001800049100002400067245004100091250001300132260003300145500002800178650001500206700002400221906000700245999001700252952015000269230125s9999 xx 000 0 und d aeng a658.4033bCHI aChitale R H9106304 aStatistical and Quantitative Methods a11th Ed. c2010bNirali PrakashanaPune aQuantitative methods;QT aStatistics aChitale R H9106304 b70 c97047d97047 02104070aHIMRbHIMRd2011-02-28eSatya Gilanig350.00o658.4033 CHI B10293pHIMR-BK-10293r2023-01-25 00:00:00v280.00w2023-01-25yBKzB10293